মুরারিচাঁদ কলেজ জার্নাল / (Record no. 77439)
[ view plain ]
| 000 -LEADER | |
|---|---|
| fixed length control field | 01525nas a22003017a 4500 |
| 001 - CONTROL NUMBER | |
| control field | 77439 |
| 003 - CONTROL NUMBER IDENTIFIER | |
| rucl marc code | BD-RjUL |
| 005 - DATE AND TIME OF LATEST TRANSACTION | |
| control field | 20211209082954.0 |
| 008 - FIXED-LENGTH DATA ELEMENTS--GENERAL INFORMATION | |
| fixed length control field | 200914c20199999bg |u||| b||| 00| mul d |
| 035 ## - SYSTEM CONTROL NUMBER | |
| System control number | (BD-RjUL)77664 |
| 040 ## - CATALOGING SOURCE | |
| Original cataloging agency | BD-RjUL |
| Transcribing agency | BD-RjUL |
| Language of cataloging | eng/ben |
| 041 ## - LANGUAGE CODE | |
| Language code of text/sound track or separate title | ben/eng |
| 082 ## - DEWEY DECIMAL CLASSIFICATION NUMBER | |
| Edition number | 23 |
| Classification number | 891.4405 |
| Author mark and year | MUR Vol.1, no. 1 2019 |
| 110 ## - MAIN ENTRY--CORPORATE NAME | |
| Corporate name or jurisdiction name as entry element | মুরারিচাঁদ কলেজ, সিলেট |
| 9 (RLIN) | 241407 |
| 245 ## - TITLE STATEMENT | |
| Title | মুরারিচাঁদ কলেজ জার্নাল / |
| Statement of responsibility, etc. | মুরারিচাঁদ কলেজ, সিলেট |
| 260 ## - PUBLICATION, DISTRIBUTION, ETC. (IMPRINT) | |
| Place of publication, distribution, etc. | সিলেট: |
| Name of publisher, distributor, etc. | মুরারিচাঁদ কলেজ, |
| Date of publication, distribution, etc. | ২০১৯- |
| 300 0# - PHYSICAL DESCRIPTION | |
| Pagination | খণ্ড ; |
| Size | ২৪ সেমি. |
| 500 ## - GENERAL NOTE | |
| General note | "রবীন্দ্রনাথ ও দক্ষিণ এশিয়া সংখ্যা" |
| 600 ## - SUBJECT ADDED ENTRY--PERSONAL NAME | |
| Personal name | Tagore, Rabindranath, |
| Dates associated with a name | 1861-1941 |
| General subdivision | Hisrory and Criticism |
| Personal name | ঠাকুর, রবীন্দ্রনাথ |
| Dates associated with a name | ১৮৬১-১৯১ |
| General subdivision | ইতিইাস ও সমালোচনা |
| 650 ## - SUBJECT ADDED ENTRY--TOPICAL TERM | |
| Topical term or geographic name as entry element | Bengali literature |
| General subdivision | Periodicals. |
| 9 (RLIN) | 241406 |
| Topical term or geographic name as entry element | বাংলা সাহিত্য |
| General subdivision | সাময়িকী |
| 9 (RLIN) | 241627 |
| 710 ## - ADDED ENTRY--CORPORATE NAME | |
| Corporate name or jurisdiction name as entry element | মুরারিচাঁদ কলেজ জার্নাল, সিলেট |
| 9 (RLIN) | 241407 |
| 942 ## - ADDED ENTRY ELEMENTS (KOHA) | |
| Source of classification or shelving scheme | Dewey Decimal Classification |
| Koha item type | Continuing Resources |
| Lost status | Source of classification or shelving scheme | Damaged status | Not for loan | Collection code | Permanent Location | Current Location | Shelving location | Date acquired | Total Checkouts | Full call number | Date last seen | Copy number | Koha item type |
|---|---|---|---|---|---|---|---|---|---|---|---|---|---|
| Dewey Decimal Classification | Not For Loan | Serials | Central Library, University of Rajshahi | Central Library, University of Rajshahi | 14/09/2020 | BP 891.4405 MUR V-1,No.1 2019 | 14/09/2020 | C-1 | Continuing Resources |